=LDR 00000nam 2200000 4500 =001 INLIS000000000036721 =005 20130612142505 =008 ***********************************Ind** =035 ##$$0010-061300000036721 =041 ##$$a Ind =082 ##$$a 813 =090 ##$$a 813, Set a =100 ##$$a Setyawan, Koen =245 ##$$a Animal surviva, Sifika, Koen Setyawan =260 ##$$a Koen Setyawan $b Animal surviva =300 ##$$a 32 hlm, ilus, 24 cm =650 ##$$a Bacaan kanak-kanak =850 ##$$a NBPNMAT